L'Afrique aux Amériques : (Record no. 172483)

MARC details
000 -LEADER
campo de control de longitud fija 00992nam a2200265 i 4500
001 - NÚMERO DE CONTROL
campo de control 172483
003 - IDENTIFICADOR DE NÚMERO DE CONTROL
campo de control ES-MaACL
005 - FECHA Y HORA DE LA ÚLTIMA TRANSACCIÓN
campo de control 20250811030301.0
008 - DATOS DE LONGITUD FIJA--INFORMACIÓN GENERAL
campo de control de longitud fija 090709s1992 fr |||| | fre d
020 ## - NÚMERO INTERNACIONAL ESTÁNDAR DEL LIBRO
Número Internacional Estándar del Libro 2-13-044836-4
080 ## - NÚMERO DE LA CLASIFICACIÓN DECIMAL UNIVERSAL
Número de la Clasificación Decimal Universal 343.431(729.3/.4)"17"
100 1# - ENTRADA PRINCIPAL--NOMBRE DE PERSONA
Nombre de persona Sala-Molins, Lluís,
Fechas asociadas al nombre 1935-
Término indicativo de función/relación Autor
9 (RLIN) 162987
245 12 - MENCIÓN DEL TÍTULO
Título L'Afrique aux Amériques :
Resto del título le Code Noir espagnol /
Mención de responsabilidad, etc. Louis Sala-Molins
250 ## - MENCION DE EDICION
Mención de edición 1é ed.
260 ## - PUBLICACIÓN, DISTRIBUCIÓN, ETC.
Lugar de publicación, distribución, etc. Paris :
Nombre del editor, distribuidor, etc. Presses Universitaires de France,
Fecha de publicación, distribución, etc. 1992
300 ## - DESCRIPCIÓN FÍSICA
Extensión 184 páginas ;
Dimensiones 22 cm
490 1# - MENCIÓN DE SERIE
Mención de serie Pratiques théoriques
Número Internacional Normalizado para Publicaciones Seriadas 0753-6216
RLIN 185675
650 #7 - PUNTO DE ACCESO ADICIONAL DE MATERIA--TÉRMINO DE MATERIA
Término de materia o nombre geográfico como elemento de entrada Esclavitud-
Subdivisión general Derecho y legislación-
Subdivisión geográfica América española
9 (RLIN) 141002
710 1# - ENTRADA AGREGADA--NOMBRE DE ENTIDAD CORPORATIVA
Nombre de entidad corporativa o nombre de jurisdicción como elemento de entrada España.
Título de la obra Código negro, 1784
9 (RLIN) 162986
830 #0 - PUNTO DE ACCESO ADICIONAL DE SERIE-TÍTULO UNIFORME
Título uniforme Pratiques théoriques
9 (RLIN) 185675
852 ## - LOCALIZACIÓN
Ubicación ES-MaACL
Ubicación en estantería Depósito 2
Marcas de propiedad Biblioteca Jacinto Martínez Lacalle
Donativo/Legado Donativo Jacinto Martínez Lacalle
Número de control de estantería E-12797
942 ## - ELEMENTOS DE ENTRADA SECUNDARIOS (KOHA)
Fuente del sistema de clasificación o colocación Clasificación decimal universal
Tipo de ítem Koha Libro impreso
Suprimir en OPAC No
Holdings
Estatus retirado Estado de pérdida Fuente del sistema de clasificación o colocación Estado de daño No para préstamo Biblioteca de origen Biblioteca actual Ubicación en estantería Fecha de adquisición Fuente de adquisición Total de préstamos Signatura topográfica completa Código de barras Visto por última vez Tipo de ítem Koha
    Clasificación decimal universal     Biblioteca del Ateneo de Madrid Biblioteca del Ateneo de Madrid Depósito 2 09/07/2009 Donación   E-12797 1181009 23/02/2023 Libro impreso